000 02863cam a2200325 4500500
005 20260329005559.0
041 _afre
042 _adc
100 1 0 _aBobos, Fotis
_eauthor
245 0 0 _aÀ la recherche du trauma perdu
260 _c2025.
500 _a86
520 _aLes premières expériences de satisfaction sensorio-motrice jouent un rôle central dans la genèse du psychisme. Le trauma précoce, lié à un défaut de satisfaction psychosomatique primaire, laisse des traces perceptives qui se rejouent dans le transfert négatif sous forme motrice, répétitive ou somatique. L’aspiration à la satisfaction devient une exigence durable. La défaillance du masochisme érogène primaire ouvre sur la désintrication pulsionnelle. La position éthique de l’analyste implique un travail approfondi du contre-transfert. À travers des cas cliniques, les liens entre corps et trauma sont explorés, mettant en lumière les enjeux de la symbolisation.
520 _aEarly experiences of sensory-motor satisfaction play a central role in the genesis of the mind. Early trauma, linked to a lack of primary psychosomatic satisfaction, leaves perceptual traces that are played out again in the negative transference in a motor form, repetitive or somatic. The yearning for satisfaction becomes a lasting demand. The failure of primary erotogenic masochism paves the way for drive defusion. The ethical position of the analyst involves in-depth work on their countertransference. Through clinical cases, the links between body and trauma are explored, highlighting issues of symbolization.
520 _aLas primeras experiencias de satisfacción sensorio-motora juegan un papel central en la génesis del psiquismo. El trauma precoz, relacionado con un fallo de satisfacción psicosomática primaria, deja huellas perceptivas que se reactivan en la transferencia negativa con forma motriz, repetitiva o somática. Aspirar a la satisfacción se vuelve una exigencia durable. Los fallos del masoquismo erógeno primario transitan hacia la defusión pulsional. La posición ética del analista conlleva un trabajo consecuente de la contratransferencia. A través de varios casos clínicos, se exploran los vínculos entre cuerpo y trauma, aclarando los retos de la simbolización.
690 _amasochisme
690 _aposition éthique
690 _asensorio-motricité
690 _asomatisation
690 _atransfert
690 _atrauma
690 _aethical position
690 _amasochism
690 _asensory-motility
690 _asomatization
690 _atransference
690 _atrauma
786 0 _nRevue française de psychanalyse | 89 | 5 | 2025-12-19 | p. 1163-1190 | 0035-2942
856 4 1 _uhttps://shs.cairn.info/revue-revue-francaise-de-psychanalyse-2025-5-page-1163?lang=fr&redirect-ssocas=7080
999 _c1844697
_d1844697